|
|
|
|
| LEADER |
01443nam a2200289 a 4500 |
| 001 |
2901277 |
| 008 |
090804s1986 paua 111 0 eng d |
| 010 |
|
|
|a 87148707
|
| 020 |
|
|
|a 0939493012
|
| 040 |
|
|
|a DLC
|c DLC
|d DLC
|
| 082 |
0 |
0 |
|a 721/.042
|2 19
|
| 110 |
2 |
|
|a American Society of Civil Engineers.
|b Fall Meeting
|d (1983 :
|c Houston, Tex.)
|
| 245 |
1 |
0 |
|a Technique and aesthetics in the design of tall buildings :
|b proceedings of the Fazlur R. Khan Session on Structural Expression in Buildings, Annual Fall Meeting, American Society of Civil Engineers, Houston, Texas, USA, October 19, 1983 /
|c David P. Billington and Myron Goldsmith, editors.
|
| 260 |
|
|
|a Bethlehem, Pa., USA :
|b Institute for the Study of the High-Rise Habitat,
|c c1986.
|
| 300 |
|
|
|a x, 92 p. :
|b ill. ;
|c 24 cm.
|
| 500 |
|
|
|a On cover: Fazlur Khan Memorial Session.
|
| 504 |
|
|
|a Includes indexes.
|
| 541 |
1 |
|
|e 00009085
|
| 650 |
|
0 |
|a Tall buildings
|x Design and construction
|x Congresses.
|
| 650 |
|
0 |
|a Structural design
|x Congresses.
|
| 600 |
1 |
0 |
|a Khan, Fazlur R.
|x Congresses.
|
| 700 |
1 |
|
|a Khan, Fazlur R.
|
| 700 |
1 |
|
|a Billington, David P.
|
| 700 |
1 |
|
|a Goldsmith, Myron,
|d 1918-
|
| 852 |
4 |
|
|a Ayesha Abed Library
|j General Shelf.
|
| 999 |
|
|
|c 3283
|d 3283
|
| 952 |
|
|
|0 0
|1 0
|2 ddc
|4 0
|6 721_042000000000000_TEC_1986
|7 0
|9 2975
|a BRACUL
|b BRACUL
|c GEN
|d 2009-08-31
|g 0.00
|l 9
|m 90
|o 721.042 TEC
|p 3010009085
|r 2025-10-08
|s 2025-08-20
|t 1
|w 2009-08-31
|y BK
|x No price found in the accession register.
|